000 00798cam a2200265 a 4500
003 DO-SdBNP
005 20231116083227.0
008 950123s1995 nyu 000 1 eng
020 _a0385424736
040 _aBPMSU
_bspa
_cBPMSU
_d
_d
_d
082 4 _a813.5
_bG869r 1995
_222
100 1 _aGrisham, John.
_d1955 -
245 1 4 _aThe rainmaker /
_cJohn Grisham.
260 _aNew York :
_bDoubleday,
_c1995.
300 _a434 p. ;
_c25 cm.
590 _aInventariado, 2023/VM
650 4 _aNovela juvenil estadounidense.
_x
_v
650 4 _aLeucemia
_xPacientes
_vNovela
650 4 _aFamilias pobres
_vNovela
650 4 _aEstudiantes de derecho
_vNovela
650 4 _aAutoaprendizaje
_v
655 7 _aLegal stories.
_2gsafd
910 _aVMateo V. Control de calidad. BPMSU
942 _2ddc
_cBK
999 _c14491
_d14491